Sort the Famous Brothers Quiz Stats

 Plays Quiz Updated Sep 28, 2016

Also try: Acting Families
Challenge
Share
Tweet
Embed
Score 0/40 Timer 06:00
80 Plays Today
% Correct
John
96.3%
Alec
95.7%
Michael
94.9%
Robert
92.1%
Jermaine
91.5%
Groucho
89.8%
Harpo
89.1%
Orville
88.5%
Wilbur
88.3%
Tito
87.9%
Wyatt
87.6%
Edward (Ted)
87%
Peyton
87%
Zeppo
86.8%
Charles
86.2%
Curly
86.2%
Stephen
85.4%
Chico
85.3%
Gummo
85%
Barry
85%
% Correct
Moe
84.6%
Eli
82.4%
Edward
82.3%
Andrew
80.5%
Marlon
78.3%
Billy
78.3%
Daniel
76.2%
Robin
75.5%
Maurice
75.5%
Liam
74.9%
Randy
73.8%
Jackie
72.1%
Noel
69.6%
Virgil
68.9%
Shemp
67.1%
Pau
64.5%
Marc
58.9%
Tony
57.6%
Phil
56.9%
Morgan
50%

You're not logged in!

Compare scores with friends on all Sporcle quizzes.
Join for Free
OR
Log In

You Might Also Like...

Show Comments

Extras

Top Quizzes Today


Score Distribution

Your Account Isn't Verified!

In order to create a playlist on Sporcle, you need to verify the email address you used during registration. Go to your Sporcle Settings to finish the process.

Report this User

Report this user for behavior that violates our Community Guidelines.

Details: